HBF regional survey of house builders (Record no. 79997)
[ view plain ]
| 000 -LEADER | |
|---|---|
| fixed length control field | 01097cab a22002055a 4500 |
| 001 - CONTROL NUMBER | |
| control field | L142980 |
| 008 - FIXED-LENGTH DATA ELEMENTS--GENERAL INFORMATION | |
| fixed length control field | 080213s2007 xxkd f s 000 0 eng d |
| 035 ## - SYSTEM CONTROL NUMBER | |
| System control number | (Sirsi) u142980 |
| 041 ## - LANGUAGE CODE | |
| Language code of text/sound track or separate title | eng |
| 110 2# - MAIN ENTRY--CORPORATE NAME | |
| Corporate name or jurisdiction name as entry element | Home Builders Federation |
| 9 (RLIN) | 4896 |
| 245 ## - TITLE STATEMENT | |
| Title | HBF regional survey of house builders |
| Remainder of title | February 2008 |
| 260 ## - PUBLICATION, DISTRIBUTION, ETC. | |
| Date of publication, distribution, etc. | 2008 |
| 490 ## - SERIES STATEMENT | |
| Series statement | Housing Market Report |
| Volume/sequential designation | (190) January 2008, 7-11(5) |
| 520 ## - SUMMARY, ETC. | |
| Summary, etc. | Finds that in February 2008, site visitors and net reservations were both lower than a year previous. The balance reporting lower reservations worsened. The balance of house builders reporting a seasonal rise in visitors since January was stronger than the balance reporting an upturn in reservations. Suggests that this may reflect difficulties in obtaining mortgages. Net new home prices continued to decline. A balance of 6% of house builders expected to increase new home sales in 2008. |
| 590 ## - LOCAL NOTE (RLIN) | |
| Local note | KA |
| 650 24 - SUBJECT ADDED ENTRY--TOPICAL TERM | |
| Topical term or geographic name entry element | HBF REGIONAL SURVEY OF HOUSE BUILDERS |
| 651 #4 - SUBJECT ADDED ENTRY--GEOGRAPHIC NAME | |
| Geographic name | England and Wales |
| Chronological subdivision | 1543- |
| 690 ## - LOCAL SUBJECT ADDED ENTRY--TOPICAL TERM (OCLC, RLIN) | |
| Topical term or geographic name as entry element | PROPERTY-RESIDENTIAL PROPERTY-RESIDENTIAL PROPERTY MARKET |
| 942 ## - ADDED ENTRY ELEMENTS (KOHA) | |
| Suppress in OPAC | 0 |
| Withdrawn status | Lost status | Source of classification or shelving scheme | Damaged status | Not for loan | Home library | Current library | Shelving location | Date acquired | Total Checkouts | Full call number | Barcode | Date last seen | Copy number | Price effective from | Koha item type |
|---|---|---|---|---|---|---|---|---|---|---|---|---|---|---|---|
| Dewey Decimal Classification | London | London | Journal article | 28/03/2008 | ONLINE PUBLICATION | 142980-1001 | 06/08/2019 | 1 | 06/08/2019 | Journal article |